000 00706nam a2200289Ia 4500
005 20260324142922.0
008 008 260324s9999 xx 000 0 eng d
020 _a9780203029794
037 _aEBOOK
040 _aCRL
040 _beng
040 _cCRL
041 _2eng
041 _aeng
084 _qCRL
100 _aDr Michael Humphrey; Michael Humphrey; Michael Humphrey
_91213723
245 0 _aInter-Country Adoption
245 0 _bPractical Experiences
260 _bTaylor and Francis
260 _c1993
365 _a
365 _b74.99
856 _uhttp://www.taylorfrancis.com/books/9780203029794
942 _cEBOOK
999 _c1818494
_d1818494